Normal view MARC view
  • MEGGINSON,BYRD

Entry Personal Name

Number of records used in: 1

001 - CONTROL NUMBER

  • control field: 133609

003 - CONTROL NUMBER IDENTIFIER

  • control field: NUST

005 - DATE AND TIME OF LATEST TRANSACTION

  • control field: 20260309122954.0

008 - FIXED-LENGTH DATA ELEMENTS

  • fixed length control field: 260309|| aca||aabn | a|a d

040 ## - CATALOGING SOURCE

  • Original cataloging agency: NUST
  • Transcribing agency: NUST

100 ## - HEADING--PERSONAL NAME

  • Personal name: MEGGINSON,BYRD

670 ## - SOURCE DATA FOUND

  • Source citation: Work cat.: (NUST): MEGGINSON,BYRD., SMALL BUSINESS MANAGEMENT AN ENTREPRENEUR'S GUIDEBOOK /, 2009.
© 2023 Central Library, National University of Sciences and Technology. All Rights Reserved.